000 00793nam a2200217 i 4500
001 bgj
100 1 _aSHAKESPEARE, William
_d(1564-1616)
245 1 0 _aAs you like it /
_cby William Shakespeare.
260 _aNew York :
_bPocket Books,
_c1960.
300 _aXLV, [13] pp, 105 l. :
_bill. ;
_c18 cm.
490 1 _aThe Folger Library General Reader's Shakespeare / Louis B. Wright, gen. ed., Virginia A. Lamar, ass. ed.
650 9 _aEnglish drama
_y16th cent.
650 9 _aTheater
_zEngland
_y16th cent.
830 0 _aThe Folger Library General Reader's Shakespeare (Louis B. Wright, gen. ed., Virginia A. Lamar, ass. ed.)
020 _a0671459139 (pbk)
040 _cBPK
041 0 _aeng
920 _a0-671-45913-9 (pbk)
942 _cKS
008 s uk f |000 0 eng
999 _c48030
_d48030